| 000 | 00895nam a2200277 i 4500 | ||
|---|---|---|---|
| 001 | 10993 | ||
| 003 | ES-MaACL | ||
| 005 | 20230906150015.0 | ||
| 007 | t| | ||
| 008 | 921005s1992 sp a |||| | spa d | ||
| 020 | _a84-7286-334-4 | ||
| 080 | _a308-054.72(=1.460:8=134)"18/19" | ||
| 080 | _a339.727.22(460)"18/19" | ||
| 100 | 1 |
_aGarcía López, José Ramón. _954847 |
|
| 245 | 1 | 4 |
_aLas remesas de los emigrantes españoles en América, siglos XIX y XX / _cJosé Ramón García López. |
| 250 | _a1ª ed. | ||
| 260 |
_a[Gijón] : _bJúcar, _c1992. |
||
| 300 |
_a211 p : _bil ; _c20 cm. |
||
| 490 | 1 |
_aCruzar el charco ; _v3 |
|
| 504 | _aBibliografía: p. [201]-206. | ||
| 650 | 1 | 4 |
_aEspañoles- _zAmérica Latina. _9163615 |
| 650 | 1 | 4 |
_aRemesas de los emigrantes- _zEspaña. _9160808 |
| 830 | 0 |
_aCruzar el charco ; _v3 _9178898 |
|
| 852 |
_aES-MaACL _jL-18345 |
||
| 999 |
_c10993 _d10993 |
||